[Event "Girls U20 Polish Youth Championship"]
[Site "Ustron"]
[Date "2019.11.29"]
[Round "8"]
[White "Siekanska, Zuzanna"]
[Black "Stochnialek, Dominika"]
[Result "0-1"]
[Board "9"]
[WhiteElo "1723"]
[WhiteCountry "POL"]
[WhiteFideId "21852537"]
[WhiteEloChange "-9"]
[BlackElo "1768"]
[BlackCountry "POL"]
[BlackFideId "1165402"]
[BlackEloChange "9"]

1. d4 {[%clk 1:30:58]} Nf6 {[%clk 1:30:54]} 2. c4 {[%clk 1:31:20]} e6 {[%clk
1:31:20]} 3. Nf3 {[%clk 1:31:39]} a6 {[%clk 1:31:40]} 4. a3 {[%clk 1:31:37]} d5
{[%clk 1:31:36]} 5. cxd5 {[%clk 1:30:54]} exd5 {[%clk 1:31:31]} 6. Bg5 {[%clk
1:30:01]} Be6 {[%clk 1:28:15]} 7. Nc3 {[%clk 1:28:31]} Nbd7 {[%clk 1:28:30]} 8.
Qc2 {[%clk 1:26:55]} Bd6 {[%clk 1:25:21]} 9. e3 {[%clk 1:25:38]} c6 {[%clk
1:25:28]} 10. Bd3 {[%clk 1:25:14]} Qc7 {[%clk 1:25:05]} 11. Bh4 {[%clk 1:16:38]}
Bg4 {[%clk 1:21:46]} 12. Nd2 {[%clk 1:14:59]} O-O {[%clk 1:15:31]} 13. h3 {[%clk
1:14:25]} Bh5 {[%clk 0:35:29]} 14. Ne2 {[%clk 1:02:51]} Bg6 {[%clk 0:34:28]} 15.
Ng3 {[%clk 1:00:42]} Bxd3 {[%clk 0:33:35]} 16. Qxd3 {[%clk 1:00:56]} g6 {[%clk
0:33:08]} 17. O-O {[%clk 1:00:07]} Rfe8 {[%clk 0:19:42]} 18. f4 {[%clk 0:50:32]}
Be7 {[%clk 0:14:50]} 19. f5 {[%clk 0:40:40]} Ne4 {[%clk 0:09:26]} 20. fxg6 {[%clk
0:40:19]} fxg6 {[%clk 0:06:18]} 21. Ngxe4 {[%clk 0:40:26]} Bxh4 {[%clk 0:06:29]}
22. Nf2 {[%clk 0:32:45]} Bxf2+ {[%clk 0:01:18]} 23. Rxf2 {[%clk 0:32:57]} Rf8
{[%clk 0:01:38]} 24. Nf3 {[%clk 0:32:58]} Rae8 {[%clk 0:01:09]} 25. Raf1 {[%clk
0:29:44]} Qd6 {[%clk 0:01:20]} 26. h4 {[%clk 0:29:02]} Qe7 {[%clk 0:01:15]} 27.
h5 {[%clk 0:27:28]} Qxe3 {[%clk 0:01:10]} 28. Qc2 {[%clk 0:26:41]} Qh6 {[%clk
0:00:33]} 29. g4 {[%clk 0:22:43]} gxh5 {[%clk 0:00:45]} 30. gxh5 {[%clk 0:22:36]}
Kh8 {[%clk 0:00:56]} 31. Kh1 {[%clk 0:20:37]} Rg8 {[%clk 0:00:51]} 32. Qf5 {[%clk
0:19:57]} Qe6 {[%clk 0:01:02]} 33. Qc2 {[%clk 0:15:56]} Qh3+ {[%clk 0:00:45]} 34.
Nh2 {[%clk 0:16:12]} Qxh5 {[%clk 0:00:43]} 35. Rf5 {[%clk 0:14:31]} Re2 {[%clk
0:00:32]} 36. Rxh5 {[%clk 0:13:59]} Rxc2 {[%clk 0:00:32]} 37. Rf7 {[%clk
0:13:19]} Rg7 {[%clk 0:01:04]} 38. Rhf5 {[%clk 0:12:16]} Rxb2 {[%clk 0:00:44]}
39. Nf3 {[%clk 0:09:55]} Kg8 {[%clk 0:00:39]} 40. Ne5 {[%clk 0:38:14]} Rxf7
{[%clk 0:30:35]} 41. Nxf7 {[%clk 0:37:50]} Kg7 {[%clk 0:20:28]} 42. Nd8 {[%clk
0:37:27]} Kg6 {[%clk 0:20:24]} 43. Rf7 {[%clk 0:37:14]} Nf6 {[%clk 0:19:43]} 44.
Rxb7 {[%clk 0:37:17]} Rxb7 {[%clk 0:20:07]} 45. Nxb7 {[%clk 0:37:43]} Nd7 {[%clk
0:19:12]} 46. Kg2 {[%clk 0:36:28]} Kf5 {[%clk 0:19:10]} 47. Kf3 {[%clk 0:36:45]}
h5 {[%clk 0:18:39]} 48. a4 {[%clk 0:35:39]} h4 {[%clk 0:17:26]} 49. a5 {[%clk
0:35:22]} h3 {[%clk 0:15:32]} 50. Nd6+ {[%clk 0:35:03]} Kg5 {[%clk 0:14:08]} 51.
Nf7+ {[%clk 0:33:47]} Kf6 {[%clk 0:14:06]} 52. Nd8 {[%clk 0:31:38]} c5 {[%clk
0:12:37]} 53. dxc5 {[%clk 0:31:44]} Nxc5 {[%clk 0:13:03]} 54. Nc6 {[%clk
0:32:04]} Kf5 {[%clk 0:11:54]} 55. Nd4+ {[%clk 0:30:19]} Ke5 {[%clk 0:11:53]} 56.
Nc6+ {[%clk 0:30:41]} Kd6 {[%clk 0:12:03]} 57. Nd4 {[%clk 0:29:50]} Nb7 {[%clk
0:11:02]} 58. Nb3 {[%clk 0:30:07]} Kc6 {[%clk 0:11:05]} 59. Kg3 {[%clk 0:30:04]}
Kb5 {[%clk 0:10:26]} 60. Kxh3 {[%clk 0:30:25]} Nxa5 {[%clk 0:10:39]} 61. Nc1
{[%clk 0:30:09]} Kc4 {[%clk 0:10:43]} 62. Kg3 {[%clk 0:30:19]} Nb3 {[%clk
0:10:58]} 63. Ne2 {[%clk 0:29:55]} a5 {[%clk 0:10:02]} 64. Kf2 {[%clk 0:30:12]}
a4 {[%clk 0:10:12]} 0-1